000 00384nam a22001451a 4500
999 _c168143
_d168143
082 _a294.363
_bJUS/S
100 _aJustin Hartley Moore
245 _aSayings of Buddha :
_bthe iti-vuttaka of the buddhist canon/
_cby Justin Hartley Moore.
260 _aNew Delhi:
_bCosmo,
_c1981.
300 _a142p.
650 _aBuddha
650 _aBuddhism
650 _aReligion
942 _cBK